| 000 | 01000nam a22002417a 4500 | ||
|---|---|---|---|
| 003 | DO-SdBNP | ||
| 005 | 20231026134742.0 | ||
| 007 | ta | ||
| 008 | 220629b2017 dr a|||| |||| 00| 0 spa d | ||
| 020 | _a9789945855524 | ||
| 040 |
_aDO-SdBNP _bspa _cDO-SdBNP |
||
| 082 | 4 |
_222 _bA795f |
|
| 100 |
_aArvelo, Genaro _d1954- _937157 |
||
| 245 | 1 | 0 |
_aFilosofía del lenguaje en la región Norte o Cibao / _cGenaro Arvelo |
| 260 |
_aSanto Domingo : _bEdita-Libros, _c2016. |
||
| 300 |
_a115 p. : _bil. ; _c22 cm |
||
| 500 | _aIncluye datos biográficos del autor en la contracubierta. | ||
| 500 | _aIncluye referencias bibliográficas y notas al pie de las páginas. | ||
| 505 |
_aFilosofía del lenguaje en la región Norte de la República Dominicana -- _tPermanencia y cambio lingüístico en la región del Cibao -- _tDichos frases comunales de la región norte -- _tGestualidad, silencio y fundación comunicativa. |
||
| 590 | _aInventariado, 2022/BT | ||
| 910 | _aBtavárez | ||
| 942 |
_2ddc _cLBS1 |
||
| 999 |
_c52122 _d52122 |
||